Online-offline vásárlási szokások háztartási nagygépekre fókuszálva

Bibliographic Details
Main Author: Barnucz Bettina
Other Authors: Kovács Dr. András
Format: Project work
Kulcsszavak:elektronikus vásárlás - online vásárlás
fogyasztói magatartás
fogyasztói szokások
online marketing
vásárlói magatartás
Online Access:http://dolgozattar.uni-bge.hu/59835

MARC

LEADER 00000nnm a2200000 i 4500
001 dolg59835
005 20260409145628.0
008 260409suuuu hu o 000 hun d
040 |a BGE Dolgozattár Repozitórium  |b hun 
041 |a hu 
100 1 |a Barnucz Bettina 
245 1 0 |a Online-offline vásárlási szokások háztartási nagygépekre fókuszálva  |c Barnucz Bettina  |h [elektronikus dokumentum] 
516 |a Project_work 
520 3 |a Projektmunkámcélja, hogy részletesen elemezzem a vásárlók online és offline vásárlási szokásait a háztartási nagygépekre fókuszálva, illetve a két mód közötti különbségeket és hasonlóságokat, kapcsolódásokat. Emellett a dolgozat arra is kiterjed, hogy bemutassam a vásárlási szokások alakulására ható tényezőket, a technológiai fejlődését, a társadalmi és gazdasági környezetét.Elsősorban áttekintem a vásárlási szokások elméleti hátterét, nagy figyelmet fordítva az online és offline vásárlás közötti különbségekre. Ezt követően csináltam egy kérdőívet, hogy megismerjem még jobban az emberek döntését és életvitelét a két vásárlási mód alapján.A dolgozat nagy részében bemutatom a háztartási nagygépek piacának jellemzőit és a vásárlási szokások változását ezekre kivetítve, nagy figyelmet fordítva az online áruházak és digitális eszközök szerepére. 
695 |a elektronikus vásárlás - online vásárlás 
695 |a fogyasztói magatartás 
695 |a fogyasztói szokások 
695 |a online marketing 
695 |a vásárlói magatartás 
700 1 |a Kovács Dr. András  |e ths 
856 4 0 |u http://dolgozattar.uni-bge.hu/59835/1/Barnucz%20Bettina%20z%C3%A1r%C3%B3dolgozat%20.pdf  |z Dokumentum-elérés 
856 4 0 |u http://dolgozattar.uni-bge.hu/59835/2/KM%20FOSZK%20b%C3%ADr%C3%A1lati%20lap_Barnucz%20Bettina_Kov%C3%A1cs_A.pdf  |z Dokumentum-elérés